02019nam a2200421Ia 4500001001200000003000800012006001900020007001500039008004100054010001700095020001800112020001500130040002100145035002100166050002600187100003100213245023000244260003800474300001600512490005300528490004700581500017800628504005300806533015200859546004001011600004701051650003401098650004701132655002901179700003101208700002601239700002601265710001701291830005401308830009001362856012601452999001901578ebr10455166CaPaEBRm u cr cn|||||||||100324s2010 ne sb 001 0 lat d z 2010012373 z9789004185043 z9004185046 aCaPaEBRcCaPaEBR a(OCoLC)71100432614aQ151.A63bB872 2010eb1 aBuridan, Jean,d1300-1358.10aQuaestiones super libros De generatione et corruptione Aristotelish[electronic resource] :ba critical edition with an introduction /cJohn Buridan ; edited by Michiel Streijger, Paul J.J.M. Bakker, Johannes M.M.H. Thijssen. aLeiden ;aBoston :bBrill,c2010. avii, 269 p.1 aHistory of science and medicine library ;vv. 171 aMedieval and early modern science ;vv. 14 aBased on Michiel Streijger's thesis (doctoral)--Radboud University Nijmegen, 2008, presented under the title: Johannes Buridanus' comentaar op De generatione et corruptione. aIncludes bibliographical references and indexes. aElectronic reproduction.bPalo Alto, Calif. :cebrary,d2013.nAvailable via World Wide Web.nAccess may be limited to ebrary affiliated libraries. aLatin; editorial matter in English.00aAristotle.tDe generatione et corruptione. 0aSciencevEarly works to 1800. 0aPhilosophy of naturevEarly works to 1800. 7aElectronic books.2local1 aStreijger, Michiel,d1974-1 aBakker, Paul J. J. M.1 aThijssen, J. M. M. H.2 aebrary, Inc. 0aHistory of science and medicine library ;vv. 17. 0aHistory of science and medicine library.pMedieval and early modern science ;vv. 14.40uhttp://site.ebrary.com/lib/rucke/Doc?id=10455166zAn electronic book accessible through the World Wide Web; click to view c226716d226716